000 01393nam a22003494a 4500
001 ebr5002703
003 CaPaEBR
006 m u
007 cr cn|||||||||
008 000731s2001 nbub sb 001 0 eng
010 _z 00061593
020 _z0803227469 (cloth : alk. paper)
020 _z0803277970 (pbk. : alk. paper)
040 _aCaPaEBR
_cCaPaEBR
035 _a(OCoLC)70739944
050 1 4 _aE98.A15
_bS77 2001eb
082 0 4 _a305.897/0072
_221
245 0 0 _aStrangers to relatives
_h[electronic resource] :
_bthe adoption and naming of anthropologists in Native North America /
_cedited by Sergei Kan.
260 _aLincoln :
_bUniversity of Nebraska Press,
_cc2001.
300 _a270 p. :
_bmap.
504 _aIncludes bibliographical references and index.
533 _aElectronic reproduction.
_bPalo Alto, Calif. :
_cebrary,
_d2013.
_nAvailable via World Wide Web.
_nAccess may be limited to ebrary affiliated libraries.
650 0 _aIndians of North America.
650 0 _aEthnologists
_zNorth America.
650 0 _aEthnology
_xFieldwork.
650 0 _aAdoption
_zNorth America.
650 0 _aNames, Indian
_zNorth America.
655 7 _aElectronic books.
_2local
700 1 _aKan, Sergei.
710 2 _aebrary, Inc.
856 4 0 _uhttp://site.ebrary.com/lib/rucke/Doc?id=5002703
_zAn electronic book accessible through the World Wide Web; click to view
999 _c1737
_d1737